| 000 | 00877nam a2200229Ia 4500 | ||
|---|---|---|---|
| 001 | 17200 | ||
| 003 | GE_BSU | ||
| 008 | 181216s||||||||xx |||||||||||||| ||und|| | ||
| 040 | _cGE_BSU | ||
| 080 | _a821.161.1-1 | ||
| 245 | _aდეკაბრისტი პოეტები | ||
| 245 | _bკრებული | ||
| 245 | _cთ. ბუაჩიძის შესავალი წერილითა და შენიშვნებით. რედ. ვ. ჯავახაძე | ||
| 260 | _aთბილისი | ||
| 260 | _bსაბჭ. საქართველო | ||
| 260 | _c1958 | ||
| 300 | _a107გვ. ; 21სმ.. | ||
| 653 | _aდეკაბრისტი პოეტები | ||
| 653 | _aკ. რილეევი; ვ. კიუხელბეკერი. [და სხვა] | ||
| 653 | _aკრებული | ||
| 942 | _cBK | ||
| 999 |
_c50262 _d50262 |
||